000 00516nam a2200169Ia 4500
003 GCL
008 140319s9999 xx 000 0 ara d
040 _aGCL /
_cGCL
082 0 4 _a812.9
_bح د
100 1 _aحياه جاسم محمد
245 1 0 _aالدراما التجريبية فى مصر 1960 - 1970 والتأثير الغربى عليها /
_cحياه جاسم محمد
300 _a303 ص
490 _aكتاب
_v0
650 0 4 _aالادب العربى
650 0 4 _aالدراما
942 _2ddc
_cBK
999 _c41918
_d41918